| 000 | 00446nam a22001697a 4500 | ||
|---|---|---|---|
| 005 | 20251108172108.0 | ||
| 008 | 250721s2003 xx 000 0 ara d | ||
| 082 | 1 | 4 | _a615.9/قما |
| 100 | 1 | _aالقماز، سمير غازي | |
| 245 | 1 | 0 | _aعلم السموم / |
| 246 | 1 | 1 | _aToxicology |
| 264 | 1 |
_aعمان : _bدار صفاء، _c2003. |
|
| 300 | _a269ص : مص | ||
| 650 | 1 | 7 | _aعلم السموم |
| 942 |
_2ddc _cBK |
||
| 999 |
_c70357 _d70357 |
||